000 00939nam a2200289 a 4500
001 000010740
003 DO-SdBNP
005 20250219074027.0
008 091009s1988 dr 000 p spa d
040 _aDO-SdBNP
_bspa
_cBNPHU
082 _aRD861.44
_bP438p
100 1 _aPérez, Isael,
_d1961-
_91414
245 1 0 _aPoemas para amar ;
_bA ras de tierra /
_cIsael Pérez.
260 _aSanto Domingo :
_bVagón,
_c1988.
300 _a146 p. ;
_c22 cm.
490 1 _aVagón
_v15
500 _aIncluye datos biográficos del autor en la contracubierta
501 _aEncuadernado con: A ras de tierra
563 _aDos obras encuadernadas juntas con paginación contínua
590 _aInventariado, 2020/MFF
650 0 _aPoesía dominicana
_966
650 0 _aLiteratura dominicana.
_967
740 0 2 _aA ras de tierra
830 0 _aEditorial Vagón
_v15
_925951
910 _aValidado. Control de calidad MFF
942 _2ddc
_cLBS1
999 _c10495
_d10495